000 00832nam a2200277Ia 4500
003 GCL
008 140319s9999 xx 000 0 ara d
040 _aGCL /
_cGCL
082 0 4 _a701.8
_bر ف
100 1 _aمحمد فتحى
245 1 0 _aالفن اليوم : مدخل الى نظرية التصوير والنحت المعاصرين /
_cمحمد فتحى
700 1 _aريد، هربرت
700 1 _aجرجس عبده (مترجم)
260 _a[S.N] :
_bدار المعارف ،
_c1981
300 _a128 ص
490 _a
650 0 4 _aالفلسفة
650 0 4 _aالفن
650 0 4 _aالنحت
650 0 4 _aالواقعية فى الفن
650 0 4 _aالرمزية
650 0 4 _aالفن الحديث
650 0 4 _aالتصوير
650 0 4 _aالفنون التجريدية
942 _2ddc
_cBK
999 _c58560
_d58560